Mayores Ciudades de Habla Hispana (Extremo) - Estadísticas

Estadísticas generales
  • Esta prueba ha sido intentada 147 veces
  • La puntuación promedio es 132 de 483
Estadísticas de respuestas
Población País Ciudad % Correcto
7,674,366 Colombia Bogotá
100%
14,172,928 Argentina Buenos Aires
100%
2,946,000 Venezuela Caracas
100%
12,424,511 México Ciudad de México
100%
7,737,002 Perú Lima
100%
3,227,204 España Madrid
100%
4,879,379 Chile Santiago
100%
1,310,122 Dominican Rep. Santiago de los Caballeros
100%
803,214 México Santiago de Querétaro
100%
1,555,509 México Guadalajara
96%
1,621,537 España Barcelona
95%
424,795 Venezuela Barcelona
95%
2,143,000 Cuba La Habana
93%
1,399,814 Ecuador Quito
93%
2,043,412 Colombia Medellín
91%
1,181,610 México Monterrey
91%
2,224,181 Dominican Rep. Santo Domingo
91%
2,524,914 Colombia Cali
88%
1,428,214 Argentina Córdoba
86%
328,428 España Córdoba
86%
244,982 México Córdoba
86%
1,284,126 Uruguay Montevideo
84%
920,321 Bolivia La Paz
83%
252,792 México La Paz
83%
703,206 España Sevilla
82%
1,952,029 Ecuador Guayaquil
80%
1,482,200 Paraguay Asunción
79%
1,072,736 Guatemala Ciudad de Guatemala
79%
305,891 Argentina San Salvador de Jujuy
78%
1,016,467 Honduras Tegucigalpa
78%
983,204 Colombia Cartagena
76%
211,996 España Cartagena
76%
1,110,732 Nicaragua Managua
76%
674,317 España Zaragoza
76%
354,860 España Bilbao
75%
1,710,118 México Puebla
75%
568,305 España Málaga
74%
222,417 España Santa Cruz de Tenerife
74%
1739444 México León
72%
164,983 Nicaragua León
72%
134,305 España León
72%
350,703 Costa Rica San José
72%
447,048 Argentina San Juan
72%
418,140 Puerto Rico (US) San Juan
72%
153,251 Guatemala San Juan Sacatepéquez
72%
542,292 El Salvador San Salvador
72%
1,461,887 Bolivia Santa Cruz de la Sierra
72%
2,225,000 Venezuela Maracaibo
71%
261,707 Bolivia Sucre
71%
898,218 México Cancún
68%
1,829,838 México Tijuana
67%
1,380,425 Colombia Barranquilla
66%
435,096 Panamá Ciudad de Panamá
66%
321,068 Perú Cusco
66%
234,325 España Granada
66%
950,643 México Mérida
64%
1,173,533 Argentina Rosario
64%
185,357 España San Sebastián
64%
436,870 España Murcia
63%
317,864 España Valladolid
62%
246,056 España A Coruña
59%
126,766 España Cádiz
59%
224,005 España Oviedo
59%
183,982 Argentina San Luis
59%
2,852,171 México San Luis Potosí
59%
144,431 México San Pedro Garza García
59%
334,757 España Alicante
58%
381,847 España Las Palmas de Gran Canaria
58%
297,332 España Vigo
58%
188,810 España Almería
57%
1,517,467 México Ciudad Juárez
57%
1,385,083 Venezuela Comunidad Valenciana
57%
814,208 España Comunidad Valenciana
57%
876,884 Argentina Mendoza
57%
276,315 México Salamanca
57%
155,619 España Salamanca
57%
623,063 México Heroica Veracruz
55%
401,270 España Palma de Mallorca
54%
140,323 España Tarragona
54%
292,406 Chile Valparaíso
54%
235,661 España Vitoria-Gasteiz
54%
756,057 México Acapulco
53%
180,005 España Castelló de la Plana
53%
198,491 España Pamplona
53%
182,700 España Santander
53%
841,130 Perú Arequipa
51%
1,019,526 Bolivia Cochabamba
51%
277,554 España Gijón
51%
116,557 España Jaén
51%
169,716 España Albacete
50%
148,334 España Badajoz
49%
178,966 España Burgos
49%
915,888 México Chihuahua
49%
180,747 España Getafe
47%
148,806 España Huelva
47%
152,107 España Logroño
47%
189,572 Argentina San Miguel
47%
168,604 El Salvador San Miguel
47%
164,400 Perú San Miguel
47%
848,584 Perú Trujillo
47%
694,167 Argentina La Plata
46%
285,616 Ecuador Cuenca
45%
230,112 España Elche
45%
112,018 Colombia Girón
45%
1,398,265 México Aguascalientes
43%
188,425 España Leganés
43%
207,095 España Móstoles
42%
323,034 México Oaxaca de Juárez
42%
920,260 México Toluca
42%
332,064 Chile Antofagasta
41%
292,742 México Juárez
41%
134,623 España Marbella
41%
246,583 Venezuela San Cristóbal
41%
137,422 Dominican Rep. San Cristóbal
41%
150,661 España San Cristóbal de La Laguna
41%
177,461 México San Cristóbal del as Casas
41%
204,574 España Alcalá de Henares
39%
169,502 España Alcorcón
39%
149,290 Bolivia Potosí
39%
581,006 Colombia Bucaramanga
38%
219,177 Chile Concepción
38%
1,708,204 México Ecatepec de Morelos
38%
134,655 Argentina Lomas de Zamora
38%
1,754,256 Venezuela Maracay
38%
553,935 Argentina Mar del Plata
38%
1,065,875 México Mexicali
38%
512,686 Argentina Salta
38%
135,919 España Lleida
37%
107,514 España Alcobendas
36%
207,532 España Jerez de la Frontera
36%
206,493 España Sabadell
36%
489,505 Argentina Santa Fe
36%
116,209 España Algeciras
34%
172,769 Guinea Ecuatorial Malabo
34%
304,936 Chile Viña del Mar
34%
219,547 España Badalona
33%
119,804 Argentina Bariloche
33%
210,941 España Terrassa
33%
118,162 España Torrejón de Ardoz
33%
735,340 México Torreón
33%
276,546 Argentina Bahía Blanca
32%
1,052,196 Perú Callao
32%
235,769 Ecuador Durán
32%
865,275 México Hermosillo
32%
115,611 España Parla
32%
107,118 España Reus
32%
781,023 Argentina San Miguel de Tucumán
32%
555,865 Cuba Santiago de Cuba
32%
787,728 Venezuela Ciudad Guayana
30%
339,067 Argentina Corrientes
30%
193,586 España Fuenlabrada
30%
496,832 Perú Iquitos
30%
242,092 Argentina Neuquén
30%
557,055 Honduras San Pedro Sula
30%
445,922 Colombia Santa Marta
30%
353,893 México Cuernavaca
29%
697,491 México Culiacán
29%
122,943 España Dos Hermanas
29%
697,646 México Durango
29%
233,489 Chile Iquique
29%
107,742 España Ourense
29%
183,999 El Salvador Santa Ana
29%
246,457 Cuba Santa Clara
29%
332,962 Paraguay Ciudad del Este
28%
737,064 Colombia Cúcuta
28%
257,038 España L'Hospitalet de Llobregat
28%
121,722 España Mataró
28%
338,000 Venezuela Ciudad Bolivar
26%
148,523 México Colima
26%
241,604 Cuba Guantánamo
26%
262,295 Argentina Paraná
26%
165,697 Chile Puerto Montt
26%
125,856 Chile Punta Arenas
26%
387,158 Argentina Resistencia
26%
860,277 México Saltillo
26%
100,000 Uruguay Salto
26%
584,966 México Tuxtla Gutiérrez
26%
190,307 México Ciudad del Carmen
25%
342,683 México Ciudad Victoria
25%
140,850 Argentina Comodoro Rivadavia
25%
195,227 Venezuela Coro
25%
221,383 Argentina Formosa
25%
162,620 Argentina La Rioja
25%
236,290 Bolivia Oruro
25%
273,341 México Pachuca
25%
144,237 Chile Valdivia
25%
145,473 México Zacatecas City
25%
201,080 Chile Arica
24%
247,493 México Campeche
24%
141,837 Colombia Chía
24%
492,353 México Mazatlán
24%
323,739 Argentina Posadas
24%
111,424 Argentina Santa Rosa
24%
1,247,143 México Ciudad Nezahualcóyotl
22%
165,564 Chile Coquimbo
22%
288,756 México Ensenada
22%
819,090 México Guadalupe
22%
153,757 Argentina Río Cuarto
22%
255,216 Chile Temuco
22%
347,562 Cuba Camagüey
21%
170,820 México Chetumal
21%
175,784 Cuba Cienfuegos
21%
145,210 Argentina Concordia
21%
165,609 Chile La Serena
21%
548,537 México Matamoros
21%
394,755 Colombia Pasto
21%
369,503 Perú Piura
21%
308,174 México Playa del Carmen
21%
220,786 Venezuela San Felipe
21%
160,401 México San Martín Texmelucan
21%
127,742 Argentina San Nicolás de los Arroyos
21%
564,377 México San Nicolás de los Garza
21%
109,163 Argentina San Rafael
21%
354,692 Argentina Santiago del Estero
21%
397,060 México Villahermosa
21%
595,981 México Xalapa
21%
1,037,373 México Zapopan
21%
305,264 Colombia Armenia
20%
379,409 Argentina Avellaneda
20%
188,812 Argentina Catamarca
20%
593,889 Perú Chiclayo
20%
454,807 México Ciudad Obregón
20%
280,243 Perú Ica
20%
161,547 México Manzanillo
20%
129,489 Cuba Manzanillo
20%
673,124 México Reynosa
20%
212,752 México San Pablo de las Salinas
20%
334,952 México Tampico
20%
185,386 Bolivia Tarija
20%
100,015 España Telde
20%
373,799 México Tepic
20%
108,411 Argentina Trelew
20%
153,266 Perú Cajamarca
18%
182,558 Venezuela Cúa
18%
234,893 Argentina Lanús
18%
130,982 Chile Los Ángeles
18%
419,686 México Nuevo Laredo
18%
449,676 Colombia Pereira
18%
109,778 Argentina Rafaela
18%
150,999 Venezuela El Tigre
17%
230,000 Argentina Quilmes
17%
108,219 Argentina Río Gallegos
17%
342,556 Colombia Soledad
17%
104,325 Argentina Tandil
17%
101,792 España Torrevieja
17%
104,445 Argentina Campana
16%
257,783 Venezuela Cumaná
16%
257,783 Venezuela Cumana
16%
131,271 México Fresnillo
16%
430,843 Colombia Ibagué
16%
169,432 Dominican Rep. La Romana
16%
288,171 México Los Mochis
16%
410,972 Venezuela Maturin
16%
246,200 México Monclova
16%
287,452 Colombia Montería
16%
936,318 México Naucalpan de Juárez
16%
247,384 México Nogales
16%
139,348 Chile Osorno
16%
152,634 Puerto Rico (US) Ponce
16%
233,609 Paraguay San Lorenzo
16%
307,658 México Santa Catarina
16%
119,717 España Santa Coloma de Gramenet
16%
313,544 Perú Tacna
16%
359,860 México Tapachula
16%
325,245 Colombia Valledupar
16%
343,135 Colombia Villavicencio
16%
392,209 México Xico
16%
121,868 Argentina Zarate
16%
287,418 México Ciudad Nicolás Romero
14%
190,489 México Ciudad Valles
14%
108,449 México Cuautitlán
14%
116,601 Honduras El Progreso
14%
165,216 Ecuador Esmeraldas
14%
368,321 México Gómez Palacio
14%
427,789 México Irapuato
14%
118,347 Argentina Luján
14%
319,934 Argentina Morón
14%
116,239 Argentina Pergamino
14%
226,517 Argentina Pilar
14%
272,925 Colombia Popayán
14%
329,419 Dominican Rep. Puerto Plata
14%
156,638 Guatemala Quetzaltenango
14%
229,940 Chile Rancagua
14%
271,423 México San Juan del Río
14%
211,649 Chile Talca
14%
443,037 México Tonalá
14%
124,001 Perú Tumbes
14%
422,436 Guatemala Villa Nueva
14%
587,734 México Apodaca
13%
353,442 Venezuela Barinas
13%
202,282 Colombia Barrancabermeja
13%
243,392 Guinea Ecuatorial Bata
13%
207,375 Cuba Bayamo
13%
106,052 Argentina Caseros
13%
515,104 México Celaya
13%
340,033 México Coatzacoalcos
13%
138,557 Chile Copiapó
13%
565,692 México Cuautitlán Izcalli
13%
137,529 Colombia Florencia
13%
126,989 México Guaymas
13%
332,647 Cuba Holguín
13%
104,536 Dominican Rep. La Vega
13%
117,796 Ecuador Loja
13%
123,253 Argentina Olavarría
13%
138,825 México Orizaba
13%
171,350 Cuba Pinar del Río
13%
206,583 México Poza Rica
13%
174,000 Venezuela Puerto Cabello
13%
121,588 Perú Puno
13%
256,436 Chile San Bernardo
13%
130,536 El Salvador Santa Tecla
13%
278,890 Venezuela Santa Teresa del Tuy
13%
275,599 Colombia Sincelejo
13%
269,436 Argentina Banfield
12%
221,308 Puerto Rico (US) Bayamón
12%
248,260 Colombia Buenaventura
12%
170,404 Puerto Rico (US) Carolina
12%
137,903 Colombia Cartago
12%
210,279 México Chilpancingo
12%
549,317 México Ciudad López Mateos
12%
197,133 Argentina González Catán
12%
427,620 Perú Huancayo
12%
130,677 México Iguala de la Independencia
12%
186,472 Argentina Ituzaingó
12%
260,698 Argentina José C. Paz
12%
134,498 Honduras La Ceiba
12%
377,558 Colombia Manizales
12%
145,990 Cuba Matanzas
12%
177,127 México Navojoa
12%
100,000 Argentina Necochea
12%
256,108 Colombia Palmira
12%
174,279 México Piedras Negras
12%
170,326 Ecuador Portoviejo
12%
370,000 Venezuela Puerto La Cruz
12%
130,233 Colombia Riohacha
12%
130,456 Cuba Sancti Spiritus
12%
126,685 Argentina San Justo
12%
178,558 México San Luis Río Colorado
12%
308,714 México Tehuacán
12%
248,716 México Tehuacán
12%
799,221 México Tlalnepantla de Baz
12%
646,772 México Tlaquepaque
12%
360,568 México Uruapan
12%
105,000 Chile Villa Alemana
12%
392,939 Colombia Bello
11%
167,498 Argentina Berazategui
11%
136,171 Cuba Ciego de Ávila
11%
210,470 México Ciudad Acuña
11%
157,714 México Delicias
11%
219,395 Colombia Envigado
11%
123,190 Paraguay Fernando de la Mora
11%
163,806 México García
11%
408,132 México General Escobedo
11%
211,399 Argentina Gregorio de Laferrère
11%
132,977 Ecuador Ibarra
11%
343,384 México Ixtapaluca
11%
163,742 México Jiutepec
11%
278,916 Perú Juliaca
11%
129,556 Paraguay Lambaré
11%
399,804 México Minatitlán
11%
133,201 México Miramar
11%
364,411 Colombia Neiva
11%
166,910 Colombia Piedecuesta
11%
510,417 Chile Puente Alto
11%
109,931 Argentina Reconquista
11%
124,478 Ecuador Riobamba
11%
103,502 Dominican Rep. Salvaleón de Higüey
11%
335,592 México Soledad de Graciano Sánchez
11%
205,295 Colombia Apartadó
9%
109,456 Argentina Burzaco
9%
348,270 México Chalco de Díaz Covarrubias
9%
690,019 México Chimalhuacán
9%
139,887 México Cholula
9%
107,801 Colombia Ciénaga
9%
128,941 Venezuela Ciudad Ojeda
9%
148,247 Venezuela El Limón
9%
260,529 Colombia Floridablanca
9%
134,556 Colombia Girardot
9%
158,767 Perú Huánuco
9%
198,123 Ecuador Machala
9%
183,166 Ecuador Manta
9%
352,796 Perú Pucallpa
9%
131,784 Venezuela Punto Fijo
9%
188,118 Dominican Rep. San Francisco de Macorís
9%
353,835 Panamá San Miguelito
9%
201,577 Dominican Rep. San Pedro de Macorís
9%
270,030 Perú Santiago de Surco
9%
133,769 Argentina Temperley
9%
306,905 México Texcoco de Mora
9%
135,215 Venezuela Valera
9%
154,369 Ecuador Ambato
8%
117,132 Venezuela Calabozo
8%
154,356 Chile Chillán
8%
179,485 México Ciudad Cuauhtémoc
8%
222,836 México Ciudad Madero
8%
296,353 México Coacalco de Berriozábal
8%
116,496 Chile Coronel
8%
159,004 México Cuautla
8%
106,915 Venezuela Ejido
8%
177,393 Argentina Ezeiza
8%
125,731 Perú Huaraz
8%
167,827 El Salvador Mejicanos
8%
111,180 México Tecate
8%
170,224 México Tulancingo
8%
121,327 Colombia Tunja
8%
121,869 Colombia Buga
7%
200,818 Venezuela Cabimas
7%
146,851 Chile Calama
7%
106,822 Venezuela Catia La Mar
7%
105,135 Chile Curicó
7%
211,182 Colombia Dosquebradas
7%
112,286 Venezuela Guanare
7%
140,617 Venezuela Los Teques
7%
102,667 México Parral
7%
109,255 México Río Bravo
7%
324,227 Colombia Socha
7%
130,696 Colombia Sogamoso
7%
132,063 México Villa de Álvarez
7%
231,425 México Buenavista
5%
203,548 Paraguay Capiatá
5%
335,357 Perú Chimbote
5%
100,000 México Colonia Lindavista
5%
191,903 Venezuela Guatire
5%
127,381 Colombia Ipiales
5%
297,405 Colombia Itagüí
5%
172,733 México Lagos de Moreno
5%
134,617 Colombia Maicao
5%
121,560 Nicaragua Matagalpa
5%
491,228 Guatemala Mixco
5%
166,072 Venezuela Ocumare del Tuy
5%
113,706 Cuba Palma Soriano
5%
271,120 Chile Talcahuano
5%
133,265 Colombia Zipaquirá
5%
143,704 Venezuela Acarigua
4%
117,619 Cuba Cárdenas
4%
181,612 Venezuela Guarenas
4%
104,859 Colombia Malambo
4%
194,354 México Metepec
4%
133,508 Ecuador Milagro
4%
103,355 Colombia Ocaña
4%
119,436 Ecuador Quevedo
4%
133,470 Colombia Quibdo
4%
200,421 Ecuador Santo Domingo de los Colorados
4%
182,545 Perú Sullana
4%
102,406 México Tepexpan
4%
226,279 Colombia Tumaco
4%
117,596 Venezuela Anaco
3%
117,412 El Salvador Apopa
3%
155,036 México Boca del Río
3%
119,033 Venezuela Cagua
3%
112,082 Venezuela Carúpano
3%
129,182 Venezuela Charallave
3%
174,435 Honduras Choloma
3%
128,038 Colombia Duitama
3%
109,158 Guatemala Escuintla
3%
144,841 Colombia Facatativá
3%
187,821 Cuba La Tunas
3%
143,468 Venezuela La Victoria
3%
105,486 Venezuela Mariara
3%
148,518 Nicaragua Masaya
3%
128,875 Venezuela Palo Negro
3%
133,693 Chile Quilpué
3%
341,660 El Salvador Soyapango
3%
344,700 Venezuela Turmero
3%
101,810 México Tuxtepec
3%
284,289 Venezuela Alta Barinas
1%
143,364 México Atlixco
1%
140,836 Nicaragua Chinandega
1%
173,788 Perú Chincha Alta
1%
143,479 Colombia Fusagasugá
1%
151,752 Venezuela Guacara
1%
217,490 Chile La Pintana
1%
112,774 Chile Lo Prado
1%
146,881 Guatemala Petapa
1%
113,738 Bolivia Sacaba
1%
112,479 Perú Talara
1%
126,881 Guatemala Villa Canales
1%
131,409 Colombia Yumbo
1%
100,000 Chile Hualpén
0%
107,275 Panamá Juan Díaz
0%
103,598 Colombia Magangué
0%
138,658 Colombia Pitalito
0%
120,000 Venezuela Yaritagua
0%
No se encontraron pruebas coincidentes
Distribución de puntuación
Porcentaje de gente con cada puntuación
Porcentaje por número respondido
Historial de tus puntuaciones
No has intentado esta prueba.